[Event "Nuremberg LGA Cup 3rd"]
[Site "Nuremberg"]
[Date "2006.09.10"]
[Round "6.74"]
[White "Laustsen, Kate"]
[Black "Noettling, Dominik"]
[Result "0-1"]
[WhiteElo "1385"]
[BlackElo "1517"]
[PlyCount "88"]
[EventDate "2006.09.07"]
[EventType "swiss"]
[EventRounds "7"]
[EventCountry "GER"]
[SourceTitle "EXT 2022"]
[Source "ChessBase"]
[SourceDate "2021.10.06"]
[SourceVersion "1"]
[SourceVersionDate "2021.10.06"]
[SourceQuality "1"]

1. d4 d5 2. Bg5 h6 3. Bh4 Bf5 4. e3 Nc6 5. Bd3 Bxd3 6. Qxd3 Nf6 7. c3 e6 8. Nd2 Be7 9. Ngf3 0-0 10. 0-0 Nd7 11. Bxe7 Qxe7 12. e4 Rfe8 13. exd5 exd5 14. Rfe1 Qd6 15. Rxe8+ Rxe8 16. Re1 Rxe1+ 17. Nxe1 Nb6 18. b3 Ne7 19. Qe3 Qe6 20. Qxe6 fxe6 21. Ndf3 Nf5 22. Nd3 Nd7 23. Nfe5 Nxe5 24. Nxe5 Nd6 25. Nf3 Kf7 26. Kf1 Kf6 27. Ke1 Kf5 28. Kd2 Ne4+ 29. Kd3 Nxf2+ 30. Kd2 Ne4+ 31. Kd3 g5 32. h3 Kf4 33. Ne5 Kg3 34. Nf7 Kxg2 35. Nxh6 Kxh3 36. c4 g4 37. Ke2 Nc3+ 38. Kf2 g3+ 39. Kf1 g2+ 40. Kf2 Ne2 41. Kxe2 g1Q 42. Kf3 Qxd4 43. Ke2 dxc4 44. bxc4 Qxc4+ 0-1